000 00909nam a2200313 a 4500
999 _c10174
_d10174
001 10174
003 BD - JhCC
005 20190311093917.0
008 180417r19871969enka 000 0 eng d
020 _a0600552128
035 _a(BD-JhCC)10174
040 _aBD-JhCC
_dBD-JhCC
041 _aeng
050 0 _aNC248.D38
082 _a741.944
_219
_bORI 1987
100 1 _aOrienti Sandra
245 1 0 _aDegas :
_bThe Life and Work of the artist illustrated with 80 colour plates /
_cSandra Orienti
250 _a2nd ed
260 _aTwickenham :
_bThames and Hudson,
_c1969.
300 _a79 p., 64 leaves :
_bcol.ill. ;
_c31 cm
500 _aPrevious ed.: London : Nevill, 1963?
504 _aBibliography: p29
600 1 0 _aDegas, Edgar,
_d1834-1917.
650 0 _aDrawing, French
700 1 _aPečı́ka, Jaromı́r.
700 1 _aPickvance, Ronald.
942 _2ddc
_cBK